000 00462nam a2200181Ia 4500
008 090123s9999 xx 000 0 und d
082 _b877
100 _aबी.
245 _aफुलांची ओंजळ
250 _a1
260 _bकुलकर्णी अ.अ.
300 _a139
600 _aबी.
630 _aफुलांची ओंजळ
700 _aबी.
730 _aफुलांची ओंजळ
942 _cBOOK
999 _c38964
_d38964